000 00249nam a2200097Ia 4500
001 1250815
005 20251031150903.0
008 251031s9999 xx 000 0 und d
245 0 _cMETİN HARA
_aH-5 AŞKIN İSTİLASI YOL
260 _bDESTEK YAYINLARI
999 _c1250815
_d1250815